डुगडुगी / (Record no. 114448)

MARC details
000 -LEADER
fixed length control field 00992nam a22002537a 4500
005 - DATE AND TIME OF LATEST TRANSACTION
control field 20170124103008.0
010 ## - LIBRARY OF CONGRESS CONTROL NUMBER
LC control number A-968417
020 ## - INTERNATIONAL STANDARD BOOK NUMBER
Terms of availability 100.00
035 ## - SYSTEM CONTROL NUMBER
System control number A-968417
037 ## - SOURCE OF ACQUISITION
Source of stock number/acquisition Cen Lib/Ret
040 ## - CATALOGING SOURCE
Original cataloging agency DPL
Language of cataloging HN
082 ## - DEWEY DECIMAL CLASSIFICATION NUMBER
Classification number
Item number उद्भ्रां
100 ## - MAIN ENTRY--PERSONAL NAME
Personal name उद्भ्रांत
9 (RLIN) 56870
245 ## - TITLE STATEMENT
Title डुगडुगी /
Statement of responsibility, etc उद्भ्रांत
246 ## - VARYING FORM OF TITLE
Title proper/short title Dugdugi /
Remainder of title by Udbhrant
260 ## - PUBLICATION, DISTRIBUTION, ETC. (IMPRINT)
Place of publication, distribution, etc नई दिल्ली
Name of publisher, distributor, etc सामयिक प्रकाशन
Date of publication, distribution, etc 1998
270 ## - ADDRESS
Address 3543, जटवाड़ा, दरियागंज
City नई दिल्ली
Postal code 110002
300 ## - PHYSICAL DESCRIPTION
Extent viii,129पृ.
Dimensions 21सेमी (सजिल्द)
650 ## - SUBJECT ADDED ENTRY--TOPICAL TERM
Topical term or geographic name as entry element हिंदी साहित्य
9 (RLIN) 56871
650 ## - SUBJECT ADDED ENTRY--TOPICAL TERM
Topical term or geographic name as entry element हिंदी साहित्य --कहानियां
9 (RLIN) 42761
650 ## - SUBJECT ADDED ENTRY--TOPICAL TERM
Topical term or geographic name as entry element Hindi literature
9 (RLIN) 56872
650 ## - SUBJECT ADDED ENTRY--TOPICAL TERM
Topical term or geographic name as entry element Hindi literature--Stories
9 (RLIN) 56873
942 ## - ADDED ENTRY ELEMENTS (KOHA)
Source of classification or shelving scheme Dewey Decimal Classification
Koha item type Hindi Books
Classification part
Call number suffix उद्भ्रां
Holdings
Withdrawn status Lost status Damaged status Not for loan Home library Current library Date acquired Source of acquisition Cost, normal purchase price Total Checkouts Full call number Barcode Date last seen Copy number Cost, replacement price Price effective from Koha item type Public note Source of classification or shelving scheme Collection code
Written off       Central Library Central Library 17/08/2015 Cen Lib/Ret 100.00   क उद्भ्रां A-968417 17/08/2015 1 100.00 17/08/2015 Hindi Books Written off on approval by DLB (By Circulation); dtd 20.12.2022    
        Shahdara Branch Shahdara Branch 08/03/2019 BPPD/PUB 100.00   क उद्भ्रां A-968444 08/03/2019   100.00 08/03/2019 Hindi Books   Dewey Decimal Classification Fiction

© Delhi Public Library
Hit Counter
free hit counter